000 00926nam a2200265Ia 4500
003 GCL
008 140319s9999 xx 000 0 ara d
040 _aGCL /
_cGCL
082 0 4 _aق
_b330.122
_bع ت
100 1 _aعبدالدايم احمد الصاوى
245 1 0 _aتجربة الانفتاح الأقتصادى والتنمية الصناعية فى مصر /
_cعبدالدايم احمد الصاوى
260 _a[S.N] :
_bالهيئة المصرية العامة للكتاب ،
_c1992
300 _a290 ص
490 _a
650 0 4 _aمصر
650 0 4 _aالاقتصاد
650 0 4 _aالتخطيط الاقتصادى
650 0 4 _aالتنمية الاقتصادية
650 0 4 _aالبترول
650 0 4 _aالتكنولوجيا
650 0 4 _aالاقتصاد المصرى
650 0 4 _aالاستثمارات الاجنبية
650 0 4 _aبنوك الاستثمار
942 _2ddc
_cBK
999 _c28871
_d28871